Small business management / (Record no. 345343)
[ view plain ]
| 000 -LEADER | |
|---|---|
| fixed length control field | 01087 a2200205 4500 |
| 020 ## - INTERNATIONAL STANDARD BOOK NUMBER | |
| International Standard Book Number | 0395472075 |
| 020 ## - INTERNATIONAL STANDARD BOOK NUMBER | |
| International Standard Book Number | 9780395472071 |
| 082 04 - DEWEY DECIMAL CLASSIFICATION NUMBER | |
| Classification number | 658.022 |
| 090 ## - LOCALLY ASSIGNED LC-TYPE CALL NUMBER (OCLC); LOCAL CALL NUMBER (RLIN) | |
| -- | 2853 |
| -- | 2853 |
| 100 1# - MAIN ENTRY--PERSONAL NAME | |
| Personal name | Siropolis, Nicholas C. |
| 245 10 - TITLE STATEMENT | |
| Title | Small business management / |
| Statement of responsibility, etc. | Nicholas C. Siropolis. |
| 250 ## - EDITION STATEMENT | |
| Edition statement | 5th ed. |
| 260 ## - PUBLICATION, DISTRIBUTION, ETC. | |
| Place of publication, distribution, etc. | [S.l.] : |
| Name of publisher, distributor, etc. | Houghton Mifflin College Div, |
| Date of publication, distribution, etc. | 1993. |
| 300 ## - PHYSICAL DESCRIPTION | |
| Extent | 672 p. ; |
| Dimensions | 24 cm. |
| 500 ## - GENERAL NOTE | |
| General note | Hardcover. |
| 520 ## - SUMMARY, ETC. | |
| Summary, etc. | With an abundance of cases and a practical approach, this is a manual for managing or starting a small business. The emphasis on developing analytical thinking aims to help students to become effective decision-makers. The book contains 60 real-life case studies provide practical examples of business theory, and addresses issues such as quality, diversity, ethics, social responsibility and international opportunities. |
| 856 40 - ELECTRONIC LOCATION AND ACCESS | |
| Materials specified | Amazon.com |
| Uniform Resource Identifier | <a href="http://www.amazon.com/exec/obidos/ASIN/0395472075/chopaconline-20">http://www.amazon.com/exec/obidos/ASIN/0395472075/chopaconline-20</a> |
| 856 40 - ELECTRONIC LOCATION AND ACCESS | |
| Materials specified | Amazon customer reviews |
| Uniform Resource Identifier | <a href="http://www.chopac.org/cgi-bin/tools/azrev.pl?q=0395472075">http://www.chopac.org/cgi-bin/tools/azrev.pl?q=0395472075</a> |
| 942 ## - ADDED ENTRY ELEMENTS (KOHA) | |
| Institution code [OBSOLETE] | NBS |
| Koha item type | Book |
| Call number prefix | 658.022 SIR |
| Withdrawn status | Lost status | Damaged status | Not for loan | Permanent Location | Current Location | Date acquired | Total Checkouts | Full call number | Barcode | Date last seen | Date last checked out | Price effective from | Koha item type |
|---|---|---|---|---|---|---|---|---|---|---|---|---|---|
| Central Library (CL) | Central Library (CL) | 08/28/2013 | 2 | 658.022 SIR | NBS3234 | 05/27/2021 | 05/27/2021 | 08/28/2013 | Book |
